000 00678nam a22002297i 4500
003 URS
005 20220114153338.0
008 171018b xxu||||| |||| 00| 0 eng d
020 _a9711026201
040 _erda
_cURSP-College Library
_beng
050 _b587.31 Z15 1986
100 1 _aZamora, Prescillano M.
245 _aGuide to Philippine Flora and Fauna
_cPrescillano M. Zamora
264 1 _aQuezon City
_bJMC Press, Incorporated
_c1986.
300 _axi, 216pages
_c25cm.
336 _atext
_btxt
_2rdacontent
337 _aunmediated
_bn
_2rdamedia
338 _avolume
_bnc
_2rdacarrier
500 _aIncludes index
650 0 _aphilippine-flora-guide.
942 _2lcc
_cF
999 _c8464
_d8464